000 00691nam a22002177a 4500
003 UA-OsUOA
001 102617
007 ta
008 20130926b un ||||| |||| 00| 0 ukr d
100 _aКуцевол О.
090 _a82
_bК95
942 _cSA
040 _aUA-OsUOA
_bukr
_cUA-OsUOA
_dUA-OsUOA
245 _aСучасний урок літератури в координатах методичної творчості
300 _aС.15-20
955 _a0
041 _aukr
080 _a82
773 0 _w102612
_tУкраїнська мова і література в школі
_dК.
_d2013
_g5
650 7 _a82 Література. Літературознавство
_2UDC
999 _c388889
_d388889